<?xml version="1.0" encoding="UTF-8"?>
<collection xmlns="http://www.loc.gov/MARC21/slim">
 <record>
  <leader>03158cam a2200289 7i4500</leader>
  <controlfield tag="001">0000054760</controlfield>
  <controlfield tag="005">20230725090000.0</controlfield>
  <controlfield tag="008">180823  Eng</controlfield>
  <datafield tag="040" ind1=" " ind2=" ">
   <subfield code="a">TSAM Library</subfield>
  </datafield>
  <datafield tag="090" ind1="0" ind2="0">
   <subfield code="a">TJ145 </subfield>
   <subfield code="b">ICHU 2018</subfield>
  </datafield>
  <datafield tag="100" ind1="1" ind2="1">
   <subfield code="a">Chua, Zhen Yan </subfield>
  </datafield>
  <datafield tag="245" ind1="1" ind2="0">
   <subfield code="a">Banana Peels as an Organic Adsorbent for the Removal of Nutrients, Organic Matter and Suspended Solids From River Water  </subfield>
   <subfield code="c">Chua Zhen Yan.</subfield>
  </datafield>
  <datafield tag="264" ind1=" " ind2="0">
   <subfield code="a">Nilai: </subfield>
   <subfield code="b">INTI International University, </subfield>
   <subfield code="c">January 2018.</subfield>
  </datafield>
  <datafield tag="264" ind1=" " ind2="1">
   <subfield code="a">♭2018.</subfield>
  </datafield>
  <datafield tag="300" ind1=" " ind2=" ">
   <subfield code="a">xii, 51 pages: </subfield>
   <subfield code="b">illustrations; </subfield>
   <subfield code="c">30 cm.</subfield>
  </datafield>
  <datafield tag="336" ind1=" " ind2=" ">
   <subfield code="a">text</subfield>
   <subfield code="2">rdacontent</subfield>
  </datafield>
  <datafield tag="337" ind1=" " ind2=" ">
   <subfield code="a">unmediated</subfield>
   <subfield code="2">rdamedia</subfield>
  </datafield>
  <datafield tag="338" ind1=" " ind2=" ">
   <subfield code="a">volume</subfield>
   <subfield code="2">rdacarrier</subfield>
  </datafield>
  <datafield tag="500" ind1="0" ind2="0">
   <subfield code="a">BEng (Hons) in Civil Engineering Jannuary 2018</subfield>
  </datafield>
  <datafield tag="500" ind1="0" ind2="0">
   <subfield code="a">BCEGI 52</subfield>
  </datafield>
  <datafield tag="501" ind1="0" ind2="0">
   <subfield code="a">FEQS-Civil 2018</subfield>
  </datafield>
  <datafield tag="501" ind1="0" ind2="0">
   <subfield code="a">This project presents the assessment of low operating cost and green technology way to remove the wastes from contaminated river water, Sungai Batang Labu located in Nilai, Negeri Sembilan, Malaysia. The objectives corresponding to this project are to evaluate the adsorption efficiency of banana peels and to compare the performance of banana peels in different flow rate for 5 parameters which are Phosphate, Nitrate, Chemical Oxygen Demand (COD), Biochemical Oxygen Demand (BOD) and Total Suspended Solid (TSS) from river water. The banana peels used as adsorbents are prepared without any treatment. The experiments are distributed into 3 groups which are, control, high water flow rate and low water flow rate and each of the experiment is run for 3 days continuously. Before and after of the experiment, the quality of the water samples are analysed and classified based on Interim national Water Quality Standard (INWQS) and European Communities (Surface Water Regulations 1989). The percentages of removal also calculated to determine the efficiency of the banana peels. Based on the results, it showed that both concentration of COD and BOD are increased because of nutrients leakage. Phosphate has an average impacted in the experiment compared to the control which are 13.33% of removal in high flow rate and 20% of removal in low flow rate. Nitrate and TSS have met the expected results which are 90% and 71% of removal respectively in high flow rate, also, 87.5% and 82% of removal respectively in low flow rate. Based on the results, low flow rate has 6.67% of phosphate removal and 11% of TSS removal more than high flow rate. However, low flow rate has 2.5% of nitrate removal less than high flow rate. Therefore, this study proved that the banana peels can be one of the alternative adsorbent used for nutrients adsorption in contaminated water and it can be further used on green technology to contribute to the society.</subfield>
  </datafield>
  <datafield tag="502" ind1="0" ind2="0">
   <subfield code="a">Being a project report submitted to INTI International University as a requirements for Bachelor Of Engineering (Hons) in Civil Engineering January 2018 under the managment and supervision of Faculty of Engineering &amp; Quantity Surveying, INTI International University</subfield>
  </datafield>
  <datafield tag="650" ind1="0" ind2="0">
   <subfield code="a">Dissertations, academic -- </subfield>
   <subfield code="x">Engineering </subfield>
  </datafield>
  <datafield tag="650" ind1="0" ind2="0">
   <subfield code="a">Civil Engineering </subfield>
  </datafield>
  <datafield tag="650" ind1="0" ind2="0">
   <subfield code="a">BCEGI </subfield>
  </datafield>
  <datafield tag="856" ind1=" " ind2=" ">
   <subfield code="u">http://intilib.intimal.edu.my/equip-intin/custom/home.jsp</subfield>
  </datafield>
 </record>
</collection>
